Импульсные блоки питания бытовых радиоустройств; Схемотехника; № 7

Detaylı Bibliyografya
Parent link:Схемотехника: научно-технический журнал.— , 2002-2007
№ 7.— 2003.— С. 11-12
Yazar: Носов В.
Dil:Rusça
Baskı/Yayın Bilgisi: 2003
Seri Bilgileri:Источники питания
Konular:
Materyal Türü: MixedMaterials Kitap Bölümü
KOHA link:https://koha.lib.tpu.ru/cgi-bin/koha/opac-detail.pl?biblionumber=389816

MARC

LEADER 00000naa2a2200000 4500
001 389816
005 20231101063917.0
035 |a (RuTPU)RU\TPU\prd\22388 
090 |a 389816 
100 |a 20040209a2003 k y0rusy50 ca 
101 0 |a rus 
102 |a RU 
200 1 |a Импульсные блоки питания бытовых радиоустройств  |f В. Носов 
225 1 |a Источники питания 
311 |a Продолжение. Начало: 2003, №5. 
461 1 |0 (RuTPU)RU\TPU\prd\2494  |t Схемотехника  |o научно-технический журнал  |d 2002-2007 
463 1 |0 (RuTPU)RU\TPU\prd\19084  |t № 7  |v С. 11-12  |d 2003 
610 1 |a питание 
610 1 |a импульсные блоки 
610 1 |a бутовые приборы 
610 1 |a радиоустройства 
610 1 |a бытовые радиоустройства 
610 1 |a блоки 
700 1 |a Носов  |b В. 
801 1 |a RU  |b 63413507  |c 20040209  |g PSBO 
801 2 |a RU  |b 63413507  |c 20160924  |g RCR 
942 |c BK